| 000 | 00789nas a2200265 4500 | ||
|---|---|---|---|
| 001 | BR9801822 | ||
| 003 | BR-BrBNA | ||
| 005 | 20231205100959.0 | ||
| 007 | ta | ||
| 008 | 230509b bl.|||p| |||| 00| 00por d | ||
| 040 |
_aBR-BrBNA _bpor _cBiblioteca Nacional de Agricultura |
||
| 041 | _a(Pt) | ||
| 072 | _aF70 | ||
| 100 | 1 | _aSivestre-Capelato, M.S.F. | |
| 100 | 1 | _aMachado, S. | |
| 245 | 1 | _aFlora polinica da reserva do Parque Estadual das Fontes do Ipiranga (Sao Paulo, Brasil)- Begoniaceae | |
| 650 | _aTaxonomia Vegetal | ||
| 650 | _aPolen | ||
| 650 | _aBegoniaceae | ||
| 650 | _aFlora | ||
| 650 | _aSao Paulo | ||
| 773 | 0 |
_tHoehnea (Brazil) _xISSN 0073-2877 _g(Jun 1996), v. 23(1) p. 131-134 _wBR9801822 |
|
| 909 |
_a202311 _bLúcia _c55 _dLúcia Elande |
||
| 942 |
_2AGRIS _n0 _cANA |
||
| 999 |
_c159140 _d159140 |
||